Vybrané aspekty softwarového pirátstva

Softwarové pirátstvo spôsobuje každoročne softwarovým firmám miliardové straty. Na skúmanie skutočného a očakávaného správania jednotlivcov sa v súčasnosti stále viac používa teória hier. Použitie teórie hier na skúmanie správania užívateľov a na nájdenie odpovede na otázku, prečo užívatelia používa...

Ausführliche Beschreibung

Gespeichert in:
Bibliographische Detailangaben
1. Verfasser: Borodovčák, Milan
Format: Buchkapitel
Sprache:Slowakisch
Schlagworte:
Tags: Tag hinzufügen
Keine Tags, Fügen Sie das erste Tag hinzu!

MARC

LEADER 00000nla$a2200000$$$4500
001 0091088
005 20240502083232.0
041 0 |a slo 
044 |a CZ 
245 1 0 |a Vybrané aspekty softwarového pirátstva  |c Milan Borodovčák 
520 |a Softwarové pirátstvo spôsobuje každoročne softwarovým firmám miliardové straty. Na skúmanie skutočného a očakávaného správania jednotlivcov sa v súčasnosti stále viac používa teória hier. Použitie teórie hier na skúmanie správania užívateľov a na nájdenie odpovede na otázku, prečo užívatelia používajú nelegálny software. Definovanie úlohy práva ako nástroja ochrany legálneho softwaru a návrh niekoľkých riešení. 
610 2 0 |a softvér 
610 2 0 |a teória hier 
610 2 0 |a právo 
610 2 0 |a firmy 
610 2 0 |a kriminalita 
100 1 |a Borodovčák, Milan